000 00537nam a2200229Ia 4500
008 210210b1918 xxu||||| |||| 00| 0 eng d
041 _aeng
082 _a335/304
100 _aSLATER (G)
245 _aEconomic studies Vol I: some south Indian villages
260 _aLondon
_bOxford University Press
_c1918
650 _aVol
650 _avillages
650 _astudies
650 _asouth
650 _asome
650 _aIndian
650 _aI:
650 _aEconomic
690 _aIndian Economics
906 _a004647
999 _c127162
_d127162